000 00738nam a2200217 i 4500
001 132576
003 ES-MaACL
005 20250815112602.0
007 t|
008 070214q1954 sp |||| | spa d
100 1 _aRomo Aldama, Emilio.
_999480
245 1 0 _aCurso práctico de fisiología general y química biológica /
_cDr. E. Romo Aldama.
260 _aValladolid :
_b[s.n.,
_c1954?] (
_fImp. Samagón)
300 _a248 p. ;
_c21 cm.
500 _aPrecede al tít.: Universidad de Valladolid, Facultad de Medicina.
650 4 _aFisiología.
_9136120
650 0 7 _aBioquímica
_2embne
_9136796
710 2 _aUniversidad de Valladolid.
_bFacultad de Medicina.
_97346
852 _aES-MaACL
_jC-7801
999 _c132576
_d132576